|
|
|
|
| LEADER |
00000cam a2200000 i 4500 |
| 001 |
1/1178 |
| 008 |
090828s200 gr | ||| |||| ||gre|| |
| 020 |
|
|
|a 9603305758
|
| 020 |
|
|
|a 9603306983
|
| 035 |
|
|
|l 10105501
|
| 040 |
|
|
|a GR-MyUa
|b gre
|e AACR2
|
| 041 |
0 |
|
|a gre
|
| 082 |
7 |
|
|a 531
|2 (22)
|
| 100 |
1 |
|
|a Παναγιωτουνάκος, Δημήτριος Ε.
|
| 245 |
1 |
0 |
|a Θεωρητική μηχανική /
|c Δ.Ε. Παναγιωτουνάκος, Γ.Α. Παπαδόπουλος.
|
| 260 |
|
|
|a Αθήνα :
|b Fountas,
|c [200-;]
|
| 300 |
|
|
|a 408 σ. :
|b σχέδια ;
|c 24 εκ.
|
| 500 |
|
|
|a Κινηματική και δυναμική του υλικού σημείου και του απόλυτου στερεού σώματος.
|
| 504 |
|
|
|a Βιβλιογραφία: σ.404-405. Ευρετήριο.
|
| 650 |
0 |
0 |
|a Mechanics.
|
| 700 |
1 |
|
|a Παπαδόπουλος, Γεώργιος Αρ.,
|d 1945-
|
| 852 |
|
|
|a INST
|b CHIOS
|e 20100426
|h 531 ΠΑΝ
|p 005200029646
|q 005200029646
|t BK
|y 0
|
| 852 |
|
|
|a INST
|b CHIOS
|e 20100426
|h 531 ΠΑΝ
|p 005200029680
|q 005200029680
|t BK
|y 0
|
| 852 |
|
|
|a INST
|b CHIOS
|e 20090828
|h 531 ΠΑΝ
|p 005200030034
|q 005200030034
|t BK
|y 0
|
| 852 |
|
|
|a INST
|b CHIOS
|e 20090828
|h 531 ΠΑΝ
|p 005200030079
|q 005200030079
|t BK
|y 0
|
| 852 |
|
|
|a INST
|b CHIOS
|e 20090828
|h 531 ΠΑΝ
|p 005200030082
|q 005200030082
|t BK
|y 0
|
| 852 |
|
|
|a INST
|b CHIOS
|e 20090828
|h 531 ΠΑΝ
|p 005200030087
|q 005200030087
|t BK
|y 0
|
| 852 |
|
|
|a INST
|b CHIOS
|e 20141020
|h 531 ΠΑΝ
|p 005200034508
|q 005200034508
|t BK
|y 0
|
| 901 |
|
|
|a BIBL2-2009-2
|
| 901 |
|
|
|a BIBL2-2010-1
|
| 901 |
|
|
|a BIBL2-2014-3
|
| 920 |
|
|
|a ΤΜΟΔ
|y ΧΙΟΣ
|z 2009-07
|
| 920 |
|
|
|a ΦΟΙΤΗΤΙΚΗ ΜΕΡΙΜΝΑ
|y ΧΙΟΣ
|z 2009-08
|
| 970 |
|
|
|a ΣΠΕΝΤΖΑ
|b ΕΛΕΝΗ
|z 2009/08/28
|